| 000 | 00455cam a2200157 i 4500 | ||
|---|---|---|---|
| 082 | 0 | 0 |
_a620.1 _bFLE _cL-5, P-29 |
| 100 | 1 |
_aFleming, Sir Ambrose _940647 |
|
| 245 | 1 | 0 |
_aMechanics for engineers / _cAmbrose |
| 260 |
_aLondon _bGeorge Newnes limited _c1944. |
||
| 300 |
_a204 p. _bill. ; _c20 cm. |
||
| 500 | _aIncludes index. | ||
| 526 |
_a0 _b0 _c0 _d620_100000000000000_FLE |
||
| 650 | 0 |
_aMCE _9379 |
|
| 650 | 0 |
_aMechanics, Applied. _913090 |
|
| 942 |
_2ddc _cBK |
||
| 999 |
_c544901 _d544901 |
||